Swedish Monarchs Quiz - Statistics

General Stats
  • This quiz has been taken 65 times
  • The average score is 8 of 20
Answer Stats
# Name % Correct
5 Erik
80%
1 Karl
76%
4 Magnus
69%
2 Sverker
53%
1 Johan
51%
1 Olof
51%
1 Birger
47%
1 Sven
45%
2 Knut
41%
1 Stenkil
39%
1 Albrekt
33%
1 Anund-Jakob
33%
1 Valdemar
31%
2 Inge
29%
1 Emund
16%
2 Håkan
16%
1 Ragnvald
14%
1 Filip
12%
1 Halsten
12%
1 Ingeborg
8%
No matching quizzes found
Score Distribution
Percent of People with Each Score
Percentile by Number Answered
Your Score History
You have not taken this quiz